000 00738nam a2200289Ia 4500
005 20260324124906.0
008 008 260324s9999 xx 000 0 eng d
020 _a9780203874653
037 _aEBOOK
040 _aCRL
040 _beng
040 _cCRL
041 _2eng
041 _aeng
084 _qCRL
100 _aJenny Corbett; Anne Daly; Dehne Taylor; Hisakazu Matsushige
_91175898
245 0 _aLaggards and Leaders in Labour Market Reform
245 0 _bComparing Japan and Australia
260 _bTaylor and Francis
260 _c2009
365 _a
365 _b240
856 _uhttp://www.taylorfrancis.com/books/9780203874653
942 _cEBOOK
999 _c1770687
_d1770687